Štvornohý námorník /

Uložené v:
Podrobná bibliografia
Hlavný autor: Pludra, Benno (Author)
Médium: Kniha
Jazyk:Slovak
German
Vydané: Bratislava : Mladé letá, 1964.
Vydanie:1. vyd.
ISBN: (brož.)
Fyzický popis: Nestr.
Tagy: Pridať tag
Žiadne tagy, Buďte prvý kto otaguje tento záznam!

MARC

LEADER 00000nam a2200000 a 4500
001 000426421
005 20130708223723.0
008 000712s1964 xo f slo d
020 |a (brož.)  |c Kčs 2,50 
040 |a SVKKK  |b slo  |c SVKKK  |e AACR2 
041 1 |a slo  |h ger 
044 |a xo  |c SK 
100 1 |a Pludra, Benno  |4 aut 
245 1 0 |a Štvornohý námorník /  |c b. Pludra. 
250 |a 1. vyd. 
260 |a Bratislava :  |b Mladé letá,  |c 1964. 
300 |a Nestr. 
910 |a svkkk 
998 |a BK 
090 |g SCKHL  |k Sklad Hlavná 10 suterén  |a I.26873  |j 338584  |i 2720418705  |s Absenčne